| 000 | 01489nam a22002417a 4500 | ||
|---|---|---|---|
| 999 |
_c58362 _d58362 |
||
| 003 | Ge_BSU | ||
| 005 | 20211206170241.0 | ||
| 008 | 211202s2019ge xxu||||| |||| 00| 0 geo d | ||
| 022 | _a1512-4991 | ||
| 041 | _ageo | ||
| 080 | _a378(063)+94(479.23) ბ-17 | ||
| 245 |
_aბათუმის შოთა რუსთაველის სახელმწიფო უნივერსიტეტი : _bნიკო ბერძენიშვილის ინსტიტუტის შრომები XIV |
||
| 264 |
_aბათუმი : _bბათუმის შოთა რუსთაველის სახელმწიფო უნივერსიტეტი, _c2019. |
||
| 300 |
_a480 გვ.: _c22 სმ. |
||
| 520 | _aრეზიუმე ინგლისურ ენაზე | ||
| 600 |
_aტომი ეძღვნება ნიკო ბერძენიშვილის ინსტიტუტის დაარსების 60 წლისთავს. _913151 |
||
| 653 | _aარქეოლოგია | ||
| 653 | _aისტორია | ||
| 653 | _aეთნოლოგია | ||
| 653 | _aფოლკლორი, დიალექტოლოგია | ||
| 710 |
_aბათუმის შოთა რუსთაველის სახელმწიფო უნივერსიტეტი , ნიკო ბერძენიშვილის ინსტიტუტი _913152 |
||
| 942 |
_2udc _cBK |
||